000 00248nam a2200097Ia 4500
082 _aJ 523.42 SPAR
245 0 _aDestination: venus
100 _a Sparrow, Giles London, [c.2009]
942 _cBK
008 210817s9999 xx 000 0 und d
999 _c396501
_d396500